[Event "59. Hungria ch 2009"]
[Site "Szeged HUN"]
[Date "2009.08.09"]
[Round "1.1"]
[White "Balogh, Csaba"]
[Black "Medvegy, Zoltan"]
[Result "1-0"]
[WhiteElo "2595"]
[BlackElo "2547"]
[PlyCount "81"]
[EventDate "2009.08.09"]
[EventType "tourn"]
[EventRounds "9"]
[EventCountry "HUN"]
[EventCategory "14"]
[Source "lmi"]
[SourceDate "2009.08.09"]

1. e4 c5 2. Nf3 Nc6 3. d4 cxd4 4. Nxd4 Nf6 5. Nc3 e5 6. Nf5 d5 7. exd5 Bxf5 8.
dxc6 bxc6 9. Qf3 Qd7 10. Bg5 e4 11. Qd1 Bb4 12. Qxd7+ Nxd7 13. Bd2 O-O 14. Be2
Bc5 15. Na4 Be7 16. O-O-O Nb6 17. Nc3 Nd5 18. g4 Nxc3 19. Bxc3 Be6 20. f3 Bd5
21. Rhf1 f5 22. gxf5 e3 23. Rg1 Bf6 24. Bxf6 Rxf6 25. c4 Bf7 26. Bd3 Rd8 27. b3
Rd4 28. Be4 c5 29. Rxd4 cxd4 30. Kc2 Ra6 31. a4 Rh6 32. Rg2 a5 33. Kd3 Rd6 34.
Rb2 Kf8 35. c5 Rd8 36. b4 axb4 37. Rxb4 Ke7 38. a5 Bd5 39. a6 Kf6 40. Bxd5 Rxd5
41. a7 1-0

[Event "59. Hungria ch 2009"]
[Site "Szeged HUN"]
[Date "2009.08.09"]
[Round "1.2"]
[White "Groszpeter, Attila"]
[Black "Erdos, Viktor"]
[Result "1/2-1/2"]
[WhiteElo "2541"]
[BlackElo "2565"]
[PlyCount "98"]
[EventDate "2009.08.09"]
[EventType "tourn"]
[EventRounds "9"]
[EventCountry "HUN"]
[EventCategory "14"]
[Source "lmi"]
[SourceDate "2009.08.09"]

1. e4 e5 2. Nf3 Nc6 3. Bb5 a6 4. Bxc6 dxc6 5. O-O Qd6 6. Na3 b5 7. c3 c5 8. Nc2
Bb7 9. a4 b4 10. Ne3 f6 11. d4 cxd4 12. cxd4 exd4 13. Nxd4 Qd7 14. Nd5 Bxd5 15.
exd5 Qxd5 16. Qe2+ Kf7 17. Rd1 Bd6 18. Nb5 Qc6 19. Nxd6+ cxd6 20. Bf4 Re8 21.
Qd3 Qe4 22. Bxd6 Nh6 23. Qb3+ Kg6 24. Qxb4 Nf5 25. Qxe4 Rxe4 26. b4 Nxd6 27.
Rxd6 Rxb4 28. Rxa6 Rd8 29. g3 Rd2 30. Ra3 Rbb2 31. Rf3 Rd4 32. Ra7 Ra2 33. Rf4
Rxf4 34. gxf4 Kf5 35. Rxg7 Rxa4 36. Rxh7 Ra1+ 37. Kg2 Kxf4 38. Rg7 Ra5 39. Rg3
Ra8 40. h3 Rb8 41. Rg4+ Kf5 42. Kg3 Rb3+ 43. f3 Rb1 44. h4 Rg1+ 45. Kh3 Rxg4
46. fxg4+ Kf4 47. h5 Kg5 48. Kg3 f5 49. gxf5 Kxf5 1/2-1/2

[Event "59. Hungria ch 2009"]
[Site "Szeged HUN"]
[Date "2009.08.09"]
[Round "1.3"]
[White "Berczes, David"]
[Black "Ruck, Robert"]
[Result "1/2-1/2"]
[WhiteElo "2519"]
[BlackElo "2561"]
[PlyCount "65"]
[EventDate "2009.08.09"]
[EventType "tourn"]
[EventRounds "9"]
[EventCountry "HUN"]
[EventCategory "14"]
[Source "lmi"]
[SourceDate "2009.08.09"]

1. d4 Nf6 2. c4 g6 3. Nc3 d5 4. Bf4 Bg7 5. Rc1 O-O 6. e3 c6 7. Nf3 Be6 8. Qb3
Qb6 9. c5 Qxb3 10. axb3 Nh5 11. Bg5 f6 12. Bh4 g5 13. Be2 Bf7 14. g4 gxh4 15.
Nxh4 f5 16. gxh5 e6 17. Rg1 Kh8 18. f4 Bf6 19. Nf3 Bxh5 20. b4 Bxf3 21. Bxf3 a6
22. Bh5 Nd7 23. Ke2 Bh4 24. Rg2 Nf6 25. Bf3 Rg8 26. Rcg1 Rxg2+ 27. Rxg2 Rg8 28.
Na2 Rxg2+ 29. Bxg2 Kg7 30. Nc1 Nd7 31. Bf3 Bd8 32. Nd3 Kf8 33. Kf1 1/2-1/2

[Event "59. Hungria ch 2009"]
[Site "Szeged HUN"]
[Date "2009.08.09"]
[Round "1.5"]
[White "Berkes, Ferenc"]
[Black "Prohaszka, Peter"]
[Result "1-0"]
[WhiteElo "2647"]
[BlackElo "2508"]
[PlyCount "131"]
[EventDate "2009.08.09"]
[EventType "tourn"]
[EventRounds "9"]
[EventCountry "HUN"]
[EventCategory "14"]
[Source "lmi"]
[SourceDate "2009.08.09"]

1. e4 c6 2. d4 d5 3. e5 Bf5 4. Nf3 e6 5. Be2 Nd7 6. O-O h6 7. Nbd2 Ne7 8. Nb3
Bh7 9. a4 Ng6 10. a5 a6 11. g3 c5 12. c3 Rc8 13. Be3 cxd4 14. Bxd4 Qc7 15. Re1
Ne7 16. Rc1 Nc6 17. c4 dxc4 18. Bxc4 Bb4 19. Bc3 Bxc3 20. Rxc3 O-O 21. Bf1 Rfd8
22. Qc1 Qb8 23. Qf4 Ne7 24. Rxc8 Rxc8 25. Nbd2 Qa7 26. Nc4 Nd5 27. Qd4 Qxd4 28.
Nxd4 Rc5 29. b3 Bg6 30. Ra1 Nb4 31. Bg2 Nxe5 32. Nxe5 Rxe5 33. Bxb7 Bd3 34. f4
Rc5 35. Ra4 Nc2 36. Nxc2 Rxc2 37. Rd4 Rc1+ 38. Kf2 Bb5 39. Rd6 Rc2+ 40. Ke1 Ra2
41. b4 Rb2 42. Bxa6 Bxa6 43. Rxa6 Rxb4 44. Rb6 Ra4 45. a6 Ra2 46. Kd1 Kh7 47.
Kc1 Kg6 48. Kb1 Ra5 49. Kb2 Kf5 50. Kb3 Kg4 51. f5 Kh3 52. fxe6 fxe6 53. Rxe6
Kxh2 54. Kb4 Ra1 55. Rg6 h5 56. Kb5 Kh3 57. Rxg7 Rb1+ 58. Kc6 Rc1+ 59. Kb7 Rb1+
60. Ka8 Rg1 61. a7 h4 62. Kb8 Rb1+ 63. Kc8 Rc1+ 64. Rc7 Ra1 65. gxh4 Kxh4 66.
Kb8 1-0

[Event "59. Hungria ch 2009"]
[Site "Szeged HUN"]
[Date "2009.08.10"]
[Round "2.1"]
[White "Medvegy, Zoltan"]
[Black "Prohaszka, Peter"]
[Result "1-0"]
[WhiteElo "2547"]
[BlackElo "2508"]
[PlyCount "85"]
[EventDate "2009.08.09"]
[EventType "tourn"]
[EventRounds "9"]
[EventCountry "HUN"]
[EventCategory "14"]
[Source "lmi"]
[SourceDate "2009.08.09"]

1. d4 d5 2. c4 e6 3. Nc3 Be7 4. cxd5 exd5 5. Bf4 Nf6 6. e3 c6 7. Bd3 Nbd7 8. h3
Nf8 9. Nf3 Ng6 10. Bh2 Bd6 11. Ne5 Bxe5 12. dxe5 Nd7 13. f4 Qh4+ 14. Kf1 O-O
15. Qe1 Qe7 16. Bc2 b6 17. Kg1 Bb7 18. Bg3 a5 19. Kh2 Nc5 20. Rd1 f5 21. exf6
Qxf6 22. Qd2 Rae8 23. a3 Ne7 24. b4 axb4 25. axb4 Ne6 26. e4 Nxf4 27. Rhf1 g5
28. Bb3 Ba6 29. b5 Bxb5 30. Nxb5 cxb5 31. exd5 Qd6 32. Rfe1 Rf6 33. Re4 Kf8 34.
Rde1 Qd7 35. Qd4 Kg7 36. Bxf4 Nf5 37. Qc3 Rxe4 38. Rxe4 gxf4 39. Re6 Qd8 40.
Qe5 Nd6 41. Re7+ Nf7 42. d6 Kg6 43. Bc2+ 1-0

[Event "59. Hungria ch 2009"]
[Site "Szeged HUN"]
[Date "2009.08.10"]
[Round "2.3"]
[White "Ruck, Robert"]
[Black "Gyimesi, Zoltan"]
[Result "1/2-1/2"]
[WhiteElo "2561"]
[BlackElo "2591"]
[PlyCount "65"]
[EventDate "2009.08.09"]
[EventType "tourn"]
[EventRounds "9"]
[EventCountry "HUN"]
[EventCategory "14"]
[Source "lmi"]
[SourceDate "2009.08.09"]

1. Nf3 Nf6 2. c4 c6 3. Nc3 d5 4. d4 e6 5. Bg5 dxc4 6. e4 b5 7. e5 h6 8. Bh4 g5
9. Nxg5 hxg5 10. Bxg5 Nbd7 11. exf6 Bb7 12. g3 c5 13. d5 Nxf6 14. Bg2 Be7 15.
O-O Nxd5 16. Bxe7 Kxe7 17. Nxb5 Qb6 18. Na3 Rh4 19. Qd2 Nf4 20. Nxc4 Qa6 21.
Rfc1 Rg8 22. Bxb7 Qxb7 23. Qd6+ Kf6 24. Qe5+ Ke7 25. Qd6+ Kf6 26. Qe5+ Ke7 27.
Qxc5+ Kf6 28. Qe5+ Ke7 29. Qc5+ Kf6 30. Qe5+ Ke7 31. Qd6+ Kf6 32. Qe5+ Ke7 33.
Qd6+ 1/2-1/2

[Event "59. Hungria ch 2009"]
[Site "Szeged HUN"]
[Date "2009.08.10"]
[Round "2.4"]
[White "Erdos, Viktor"]
[Black "Berczes, David"]
[Result "1-0"]
[WhiteElo "2565"]
[BlackElo "2519"]
[PlyCount "117"]
[EventDate "2009.08.09"]
[EventType "tourn"]
[EventRounds "9"]
[EventCountry "HUN"]
[EventCategory "14"]
[Source "lmi"]
[SourceDate "2009.08.09"]

1. d4 Nf6 2. c4 e6 3. Nf3 Bb4+ 4. Nbd2 O-O 5. a3 Be7 6. g3 b6 7. Bg2 Bb7 8. b3
c5 9. Bb2 d6 10. O-O Qc7 11. e3 Nbd7 12. Qe2 Rac8 13. Nh4 Bxg2 14. Kxg2 Qb7+
15. Qf3 Qxf3+ 16. Nhxf3 cxd4 17. Bxd4 d5 18. Rfc1 dxc4 19. Nxc4 Rc7 20. Be5
Nxe5 21. Ncxe5 Rfc8 22. Rxc7 Rxc7 23. Nd4 Nd5 24. Nc4 Bf6 25. Rd1 Rd7 26. Kf3
Ne7 27. Rd2 Rd5 28. Nb5 Rxd2 29. Nxd2 Nc6 30. Ke4 Kf8 31. f4 Be7 32. b4 Ke8 33.
Kd3 Kd7 34. Nc3 Nd8 35. Nc4 Kc6 36. g4 f6 37. e4 Nb7 38. Ne2 Kd7 39. Nd4 Bd8
40. e5 Bc7 41. Ke4 Nd8 42. h4 fxe5 43. Nxe5+ Bxe5 44. Kxe5 Nf7+ 45. Ke4 Nd6+
46. Kd3 b5 47. h5 a6 48. Nb3 Nc4 49. Nc5+ Kd6 50. Nxa6 e5 51. f5 h6 52. Nc5
Nxa3 53. Ne6 Ke7 54. Nxg7 e4+ 55. Kxe4 Nc2 56. g5 Kf7 57. gxh6 Nxb4 58. Ne6 Kg8
59. f6 1-0

[Event "59. Hungria ch 2009"]
[Site "Szeged HUN"]
[Date "2009.08.10"]
[Round "2.5"]
[White "Balogh, Csaba"]
[Black "Groszpeter, Attila"]
[Result "1/2-1/2"]
[WhiteElo "2595"]
[BlackElo "2541"]
[PlyCount "81"]
[EventDate "2009.08.09"]
[EventType "tourn"]
[EventRounds "9"]
[EventCountry "HUN"]
[EventCategory "14"]
[Source "lmi"]
[SourceDate "2009.08.09"]

1. e4 e5 2. Nf3 Nc6 3. Bb5 g6 4. c3 Nge7 5. O-O Bg7 6. d4 exd4 7. cxd4 d5 8.
exd5 Nxd5 9. Re1+ Be6 10. Bg5 Qd6 11. Nbd2 O-O 12. Ne4 Qb4 13. Bxc6 bxc6 14.
Qc1 Rfe8 15. a3 Qb6 16. Nc5 Bf5 17. b4 Rxe1+ 18. Qxe1 f6 19. Bd2 Kf7 20. h3 Re8
21. Qd1 Bf8 22. Rc1 Bxc5 23. dxc5 Qa6 24. Qb3 Qd3 25. Qxd3 Bxd3 26. Nd4 Bb5 27.
Re1 Rxe1+ 28. Bxe1 Nf4 29. f3 Ne2+ 30. Nxe2 Bxe2 31. Bg3 Ke6 32. Kf2 Bb5 33.
Bxc7 h5 34. h4 a6 35. Ke3 Bf1 36. g4 Bb5 37. Ke4 Ba4 38. Bd8 Bc2+ 39. Kf4 Bd1
40. gxh5 gxh5 41. Ke4 1/2-1/2

[Event "59. Hungria ch 2009"]
[Site "Szeged HUN"]
[Date "2009.08.11"]
[Round "3.1"]
[White "Groszpeter, Attila"]
[Black "Medvegy, Zoltan"]
[Result "1/2-1/2"]
[WhiteElo "2541"]
[BlackElo "2547"]
[PlyCount "111"]
[EventDate "2009.08.09"]
[EventType "tourn"]
[EventRounds "9"]
[EventCountry "HUN"]
[EventCategory "14"]
[Source "lmi"]
[SourceDate "2009.08.09"]

1. e4 c6 2. Nc3 d5 3. Nf3 Nf6 4. e5 Ne4 5. d4 Nxc3 6. bxc3 c5 7. dxc5 e6 8. Be3
Qa5 9. Rb1 Nd7 10. Bb5 Bxc5 11. Bxc5 Qxc3+ 12. Qd2 Qxc5 13. Bxd7+ Bxd7 14. Rxb7
Rc8 15. Nd4 Ba4 16. O-O O-O 17. Rfb1 a6 18. h3 h6 19. R1b2 Qc3 20. Qxc3 Rxc3
21. R7b4 Bb5 22. Nxb5 axb5 23. Rxb5 Rfc8 24. a4 Rxc2 25. a5 Rc1+ 26. Kh2 Ra1
27. Rb8 Rxb8 28. Rxb8+ Kh7 29. Ra8 Ra2 30. Kg3 g5 31. Kf3 Ra3+ 32. Kg4 Ra4+ 33.
Kf3 Ra3+ 34. Ke2 Kg6 35. g4 f6 36. a6 fxe5 37. a7 Kg7 38. f3 e4 39. fxe4 dxe4
40. Kd2 e3+ 41. Ke2 e5 42. Kf3 e4+ 43. Ke2 Kh7 44. Re8 Ra2+ 45. Kxe3 Rxa7 46.
Kxe4 Ra3 47. Rb8 Rxh3 48. Rb7+ Kg6 49. Rb6+ Kf7 50. Rb7+ Kf6 51. Rb6+ Ke7 52.
Rb7+ Kd6 53. Rb6+ Kc5 54. Ra6 Kb5 55. Rd6 Kb4 56. Rc6 1/2-1/2

[Event "59. Hungria ch 2009"]
[Site "Szeged HUN"]
[Date "2009.08.11"]
[Round "3.2"]
[White "Berczes, David"]
[Black "Balogh, Csaba"]
[Result "1/2-1/2"]
[WhiteElo "2519"]
[BlackElo "2595"]
[PlyCount "220"]
[EventDate "2009.08.09"]
[EventType "tourn"]
[EventRounds "9"]
[EventCountry "HUN"]
[EventCategory "14"]
[Source "lmi"]
[SourceDate "2009.08.09"]

1. d4 d5 2. c4 c6 3. Nc3 Nf6 4. e3 g6 5. Nf3 Bg7 6. Be2 O-O 7. O-O dxc4 8. Bxc4
Bg4 9. h3 Bxf3 10. Qxf3 Nbd7 11. Rd1 e5 12. d5 e4 13. Nxe4 Nxe4 14. Qxe4 Nb6
15. Bb3 cxd5 16. Qd3 Qe7 17. Rb1 Rac8 18. a3 Rfd8 19. Bd2 Nc4 20. Bb4 Qg5 21.
Qe2 b5 22. Qf3 h5 23. g3 h4 24. g4 Rd7 25. Bxc4 Rxc4 26. b3 Rc6 27. Rbc1 Rxc1
28. Rxc1 Qd8 29. Rd1 a5 30. Bc5 Qc7 31. b4 Bb2 32. Rxd5 Rxd5 33. Qxd5 a4 34.
Qd3 Qb8 35. Qd2 Qe5 36. Qd8+ Kh7 37. Qxh4+ Kg7 38. Qd8 Qe6 39. Qd2 Bf6 40. Bd4
Qb3 41. Bxf6+ Kxf6 42. Qd4+ Ke7 43. Qc5+ Ke6 44. Qxb5 Qxa3 45. Qc6+ Ke7 46. b5
Qb3 47. b6 a3 48. b7 a2 49. Qc7+ Kf6 50. b8=Q a1=Q+ 51. Kh2 Qxb8 52. Qxb8 Kg7
53. Qd6 Qf1 54. Qe5+ Kg8 55. Qf6 Qe2 56. Kg2 Qc2 57. h4 Qe4+ 58. Kg3 Qh1 59.
Kf4 Qc1 60. h5 Qc2 61. Qd8+ Kg7 62. Kg3 gxh5 63. Qg5+ Kf8 64. gxh5 Qc7+ 65. Kg2
Qc6+ 66. Kg1 Qc1+ 67. Kh2 Qc7+ 68. Qf4 Qc5 69. Qh6+ Kg8 70. Kg3 Qc1 71. Qg5+
Kh7 72. Qf5+ Kg8 73. Kh4 Qh1+ 74. Qh3 Qe1 75. Qc8+ Kg7 76. Qg4+ Kf8 77. Qf3 Qg1
78. Kh3 Qf1+ 79. Qg2 Qb5 80. Kh4 Qb4+ 81. Kh3 Qb5 82. Qf3 Qf1+ 83. Kg3 Qg1+ 84.
Qg2 Qd1 85. Qa8+ Kg7 86. Qf3 Qg1+ 87. Qg2 Qb1 88. Kh4+ Kh7 89. Qf3 Kg7 90. h6+
Kg6 91. Qh5+ Kf6 92. Qg5+ Ke6 93. Qg3 Ke7 94. Qc7+ Ke6 95. Qc6+ Ke7 96. Kg3
Qg1+ 97. Qg2 Qb1 98. e4 Qc1 99. Qh3 Qg5+ 100. Kf3 Qf6+ 101. Kg2 Qg5+ 102. Kf3
Qf6+ 103. Kg3 Qe5+ 104. f4 Qxe4 105. h7 Qd3+ 106. Kh2 Qc2+ 107. Kg1 Qb1+ 108.
Kf2 Qc2+ 109. Kf3 Qd3+ 110. Kg2 Qc2+ 1/2-1/2

[Event "59. Hungria ch 2009"]
[Site "Szeged HUN"]
[Date "2009.08.11"]
[Round "3.3"]
[White "Gyimesi, Zoltan"]
[Black "Erdos, Viktor"]
[Result "1/2-1/2"]
[WhiteElo "2591"]
[BlackElo "2565"]
[PlyCount "60"]
[EventDate "2009.08.09"]
[EventType "tourn"]
[EventRounds "9"]
[EventCountry "HUN"]
[EventCategory "14"]
[Source "lmi"]
[SourceDate "2009.08.09"]

1. d4 d5 2. c4 dxc4 3. Nf3 a6 4. e3 b5 5. a4 Bb7 6. b3 e6 7. bxc4 bxc4 8. Bxc4
Nf6 9. O-O c5 10. Qe2 Nbd7 11. Nbd2 Be7 12. Rb1 Bc6 13. Bxa6 Bxa4 14. dxc5 Nxc5
15. Bb5+ Bxb5 16. Qxb5+ Ncd7 17. Bb2 O-O 18. Rfd1 Ra5 19. Qe2 Qa8 20. Ra1 Rxa1
21. Rxa1 Qb7 22. Rb1 Qa8 23. Ra1 Qb7 24. Rb1 Qa8 25. Bxf6 Nxf6 26. Qb5 Rc8 27.
Qb2 h6 28. Rc1 Nd5 29. Rxc8+ Qxc8 30. h3 Bf6 1/2-1/2

[Event "59. Hungria ch 2009"]
[Site "Szeged HUN"]
[Date "2009.08.11"]
[Round "3.5"]
[White "Prohaszka, Peter"]
[Black "Almasi, Zoltan"]
[Result "0-1"]
[WhiteElo "2508"]
[BlackElo "2684"]
[PlyCount "102"]
[EventDate "2009.08.09"]
[EventType "tourn"]
[EventRounds "9"]
[EventCountry "HUN"]
[EventCategory "14"]
[Source "lmi"]
[SourceDate "2009.08.09"]

1. d4 Nf6 2. c4 g6 3. Nc3 Bg7 4. e4 d6 5. Be2 O-O 6. Nf3 e5 7. O-O Nc6 8. d5
Ne7 9. Bg5 Nh5 10. Ne1 Nf4 11. Nd3 Nxe2+ 12. Qxe2 h6 13. Be3 f5 14. f3 f4 15.
Bf2 g5 16. c5 h5 17. Rac1 Bd7 18. a4 a6 19. b4 Ng6 20. Nb2 g4 21. cxd6 cxd6 22.
Nc4 gxf3 23. gxf3 Bh3 24. Kh1 Bxf1 25. Qxf1 Rc8 26. Nb6 Rc7 27. Qh3 Qe8 28.
Qxh5 Ne7 29. Qg4 Rf6 30. Ne2 Rg6 31. Qh3 Qd8 32. Nc3 Bf8 33. a5 Qe8 34. Qf1 Rh6
35. Qd3 Qh5 36. Rg1+ Ng6 37. Rg2 Rg7 38. Nd1 Kh8 39. Qe2 Be7 40. Nc8 Qh3 41.
Nxe7 Nxe7 42. Bb6 Rg3 43. Bd8 Ng6 44. Bf6+ Kg8 45. Qc2 Qxg2+ 46. Qxg2 Rxg2 47.
Kxg2 Kf7 48. Bg5 Rh5 49. Bd8 Rh8 50. Bb6 Nh4+ 51. Kf2 Rc8 0-1

[Event "59. Hungria ch 2009"]
[Site "Szeged HUN"]
[Date "2009.08.12"]
[Round "4.1"]
[White "Medvegy, Zoltan"]
[Black "Almasi, Zoltan"]
[Result "1/2-1/2"]
[WhiteElo "2547"]
[BlackElo "2684"]
[PlyCount "55"]
[EventDate "2009.08.09"]
[EventType "tourn"]
[EventRounds "9"]
[EventCountry "HUN"]
[EventCategory "14"]
[Source "lmi"]
[SourceDate "2009.08.09"]

1. d4 Nf6 2. c4 e6 3. Nf3 d5 4. cxd5 exd5 5. Nc3 c6 6. Qc2 Be7 7. Bf4 Qa5 8. e3
Na6 9. a3 Ne4 10. Nd2 Nxd2 11. Qxd2 Bf5 12. Be2 Nb8 13. O-O Nd7 14. b4 Qd8 15.
b5 Qa5 16. Rfd1 Rc8 17. bxc6 Rxc6 18. Nb5 Qb6 19. Rac1 Rxc1 20. Rxc1 O-O 21. a4
a5 22. Qa2 Qg6 23. Bf3 Nb6 24. Rc7 Bd8 25. Rc1 Be7 26. Rc7 Bd8 27. Rc3 Be7 28.
Rc7 1/2-1/2

[Event "59. Hungria ch 2009"]
[Site "Szeged HUN"]
[Date "2009.08.12"]
[Round "4.4"]
[White "Balogh, Csaba"]
[Black "Gyimesi, Zoltan"]
[Result "1/2-1/2"]
[WhiteElo "2595"]
[BlackElo "2591"]
[PlyCount "75"]
[EventDate "2009.08.09"]
[EventType "tourn"]
[EventRounds "9"]
[EventCountry "HUN"]
[EventCategory "14"]
[Source "lmi"]
[SourceDate "2009.08.09"]

1. e4 e5 2. Nf3 Nc6 3. Bb5 a6 4. Ba4 Nf6 5. O-O Be7 6. Re1 b5 7. Bb3 d6 8. c3
O-O 9. h3 Nb8 10. d4 Nbd7 11. Nbd2 Bb7 12. Bc2 Re8 13. Nf1 Bf8 14. Ng3 g6 15.
Bg5 h6 16. Bd2 Bg7 17. a4 c5 18. d5 c4 19. b4 cxb3 20. Bxb3 Nc5 21. c4 Qd7 22.
Ba5 h5 23. Bc2 Rec8 24. Qe2 bxc4 25. Nd2 Nxd5 26. exd5 Bxd5 27. Nxc4 Bxc4 28.
Qxc4 Nb7 29. Qa2 h4 30. Nf1 Nxa5 31. Bxg6 d5 32. Bh5 Nc4 33. Rad1 Rc5 34. Ne3
Nxe3 35. fxe3 Rf8 36. e4 d4 37. Rf1 Rc6 38. Rf5 1/2-1/2

[Event "59. Hungria ch 2009"]
[Site "Szeged HUN"]
[Date "2009.08.12"]
[Round "4.5"]
[White "Groszpeter, Attila"]
[Black "Berczes, David"]
[Result "1-0"]
[WhiteElo "2541"]
[BlackElo "2519"]
[PlyCount "141"]
[EventDate "2009.08.09"]
[EventType "tourn"]
[EventRounds "9"]
[EventCountry "HUN"]
[EventCategory "14"]
[Source "lmi"]
[SourceDate "2009.08.09"]

1. e4 c5 2. Nf3 e6 3. d4 cxd4 4. Nxd4 Nf6 5. Nc3 Nc6 6. Ndb5 d6 7. Bf4 e5 8.
Bg5 a6 9. Na3 b5 10. Nd5 Be7 11. Bxf6 Bxf6 12. c4 b4 13. Nc2 O-O 14. Be2 a5 15.
O-O Bg5 16. Qd3 Be6 17. Rad1 g6 18. b3 Rb8 19. Bf3 Kh8 20. Rfe1 Qd7 21. Qe2 Qa7
22. g3 Bh6 23. Rd3 Rb7 24. Red1 Qc5 25. Nde3 Rd7 26. h4 a4 27. h5 Kg7 28. Kg2
Bg5 29. hxg6 hxg6 30. Bg4 f5 31. exf5 gxf5 32. Rd5 Bxd5+ 33. Rxd5 Bxe3 34. Nxe3
Nd4 35. Qd3 Qc6 36. Nxf5+ Nxf5 37. Bxf5 Rdf7 38. g4 axb3 39. axb3 Rf6 40. Qd2
Qb7 41. Qg5+ Kh8 42. f3 Qg7 43. Qxg7+ Kxg7 44. Rb5 Rh6 45. Rxb4 Kf6 46. Kf2 Ra8
47. Ke3 Ra1 48. Rb6 Kg5 49. Kd2 Kf4 50. Be4 Rh2+ 51. Kc3 Rd1 52. Rb8 Rg2 53.
Kb4 Rd4 54. Rf8+ Ke3 55. Rf6 Rg3 56. Bd5 Rd3 57. Rxd6 Rxf3 58. Re6 Rg3 59.
Rxe5+ Kf4 60. Re4+ Kg5 61. Be6 Rxb3+ 62. Kc5 Rb7 63. Bf5 Ra3 64. Kd5 Rb8 65. c5
Rc3 66. Kd6 Ra8 67. c6 Ra7 68. Re5 Kf4 69. Rc5 Rh3 70. c7 Rh6+ 71. Kd5 1-0

[Event "59. Hungria ch 2009"]
[Site "Szeged HUN"]
[Date "2009.08.13"]
[Round "5.1"]
[White "Berczes, David"]
[Black "Medvegy, Zoltan"]
[Result "1/2-1/2"]
[WhiteElo "2519"]
[BlackElo "2547"]
[PlyCount "141"]
[EventDate "2009.08.09"]
[EventType "tourn"]
[EventRounds "9"]
[EventCountry "HUN"]
[EventCategory "14"]
[Source "lmi"]
[SourceDate "2009.08.09"]

1. d4 Nf6 2. c4 e6 3. Nf3 b6 4. g3 Bb7 5. Bg2 Bb4+ 6. Bd2 Be7 7. Nc3 Na6 8. O-O
O-O 9. Bf4 Ne4 10. Nxe4 Bxe4 11. Qa4 Qc8 12. Rfd1 c6 13. Rac1 Qb7 14. Ne5 Bxg2
15. Kxg2 Rac8 16. Nxd7 Rfd8 17. Ne5 c5+ 18. d5 exd5 19. cxd5 Rxd5 20. Rxd5
Qxd5+ 21. f3 Qb7 22. Qc4 Rf8 23. Rd1 Nb8 24. h4 b5 25. Qb3 Qa6 26. Qd5 Qe6 27.
e4 Qxd5 28. Rxd5 Rc8 29. Kf1 f6 30. Nd3 Nc6 31. Be3 c4 32. Nf4 b4 33. Rd7 c3
34. bxc3 bxc3 35. Nd5 Ba3 36. Bh6 Bf8 37. Bc1 Ne5 38. Rxa7 Nd3 39. Bh6 c2 40.
Ke2 c1=Q 41. Bxc1 Nxc1+ 42. Kd2 h5 43. g4 hxg4 44. fxg4 Rc4 45. Ra8 Nxa2 46.
Kd3 Rc1 47. Rxa2 Rg1 48. Ne3 Rg3 49. Rc2 Bd6 50. Ke2 g6 51. Rc6 Bf4 52. Nd5 Be5
53. g5 fxg5 54. Ne7+ Kg7 55. Nxg6 Bd4 56. Ne7 Re3+ 57. Kd2 Rxe4 58. Nf5+ Kg8
59. Kd3 Rf4 60. Nxd4 Rxh4 61. Rg6+ Kf7 62. Rxg5 Kf6 63. Ra5 Rh1 64. Ke3 Re1+
65. Kf4 Rf1+ 66. Nf3 Ke6 67. Ke4 Kd6 68. Rd5+ Kc7 69. Ne5 Rf2 70. Rc5+ Kd6 71.
Rc6+ 1/2-1/2

[Event "59. Hungria ch 2009"]
[Site "Szeged HUN"]
[Date "2009.08.13"]
[Round "5.2"]
[White "Gyimesi, Zoltan"]
[Black "Groszpeter, Attila"]
[Result "1-0"]
[WhiteElo "2591"]
[BlackElo "2541"]
[PlyCount "95"]
[EventDate "2009.08.09"]
[EventType "tourn"]
[EventRounds "9"]
[EventCountry "HUN"]
[EventCategory "14"]
[Source "lmi"]
[SourceDate "2009.08.09"]

1. d4 Nf6 2. c4 g6 3. Nc3 d5 4. Nf3 Bg7 5. Qb3 dxc4 6. Qxc4 O-O 7. Bf4 Be6 8.
Qxc7 Nc6 9. e3 Qxc7 10. Bxc7 Nb4 11. Kd2 Rac8 12. Be5 Rfd8 13. Be2 Rxc3 14.
Kxc3 Nxa2+ 15. Kd2 Ne4+ 16. Ke1 f6 17. Bc7 Rc8 18. Ba5 Nc1 19. Nd2 Bd5 20. Nxe4
Bxe4 21. Bc3 Nxe2 22. Kxe2 Bxg2 23. Rhg1 Bd5 24. Rxa7 Kf7 25. Kd2 f5 26. Rc1 g5
27. Ba5 Rxc1 28. Kxc1 Kg6 29. Bd8 e6 30. Kd2 Kh5 31. Be7 Kg6 32. Ra8 g4 33. Bd6
Bf6 34. Rg8+ Kf7 35. Rf8+ Kg7 36. Rc8 Kg6 37. Be5 Bg5 38. Rg8+ Kh5 39. Bg3 h6
40. Kc3 Be7 41. Re8 Bf6 42. Kb4 Kg6 43. Kc5 h5 44. Kb6 h4 45. Bd6 Kf7 46. Rf8+
Kg7 47. Rb8 h3 48. b4 1-0

[Event "59. Hungria ch 2009"]
[Site "Szeged HUN"]
[Date "2009.08.14"]
[Round "6.2"]
[White "Erdos, Viktor"]
[Black "Almasi, Zoltan"]
[Result "1/2-1/2"]
[WhiteElo "2565"]
[BlackElo "2684"]
[PlyCount "46"]
[EventDate "2009.08.09"]
[EventType "tourn"]
[EventRounds "9"]
[EventCountry "HUN"]
[EventCategory "14"]
[Source "lmi"]
[SourceDate "2009.08.09"]

1. d4 d5 2. c4 c6 3. Nf3 Nf6 4. Nc3 e6 5. Bg5 h6 6. Bh4 dxc4 7. e4 g5 8. Bg3 b5
9. Be2 Bb7 10. h4 g4 11. Ne5 h5 12. O-O Nbd7 13. Qc2 Nxe5 14. Bxe5 Bg7 15. Rad1
O-O 16. f3 Nh7 17. Bxg7 Kxg7 18. fxg4 Qxh4 19. gxh5 Ng5 20. Qd2 Nh3+ 21. gxh3
Qg3+ 22. Kh1 Qxh3+ 23. Kg1 Qg3+ 1/2-1/2

[Event "59. Hungria ch 2009"]
[Site "Szeged HUN"]
[Date "2009.08.14"]
[Round "6.3"]
[White "Balogh, Csaba"]
[Black "Prohaszka, Peter"]
[Result "1-0"]
[WhiteElo "2595"]
[BlackElo "2508"]
[PlyCount "127"]
[EventDate "2009.08.09"]
[EventType "tourn"]
[EventRounds "9"]
[EventCountry "HUN"]
[EventCategory "14"]
[Source "lmi"]
[SourceDate "2009.08.09"]

1. e4 c6 2. d4 d5 3. Nc3 dxe4 4. Nxe4 Bf5 5. Ng3 Bg6 6. h4 h6 7. Nf3 Nd7 8. h5
Bh7 9. Bd3 Bxd3 10. Qxd3 e6 11. Bd2 Ngf6 12. O-O-O Be7 13. Ne4 Nxe4 14. Qxe4
Nf6 15. Qd3 Qc7 16. Ne5 Bd6 17. f4 O-O-O 18. Qe2 c5 19. dxc5 Bxc5 20. Rh3 Rd4
21. Be3 Rxd1+ 22. Qxd1 Rd8 23. Qe1 Bxe3+ 24. Rxe3 Nd5 25. Re4 Kb8 26. Rc4 Qe7
27. Nd3 Qf6 28. g4 Nb6 29. Re4 Qe7 30. Qc3 Qc7 31. Qxc7+ Kxc7 32. Kd2 Kd6 33.
c4 Ke7 34. Ke3 Rc8 35. b3 Nd7 36. Ne5 Nxe5 37. Rxe5 Rd8 38. Rb5 b6 39. a4 Rc8
40. Kd4 Kd6 41. f5 exf5 42. Rxf5 Rc7 43. Rd5+ Kc6 44. b4 Re7 45. Rd8 Kc7 46.
Rg8 f6 47. b5 Kb7 48. Kd5 Kc7 49. Kd4 Kb7 50. Rf8 Rd7+ 51. Ke4 Re7+ 52. Kf5
Re5+ 53. Kf4 Re7 54. Rd8 Kc7 55. Rd5 Re1 56. Kf5 Re2 57. Kg6 Re7 58. Rd4 Kc8
59. Kh7 Rc7 60. Kg8 a6 61. Kf8 axb5 62. axb5 Kb8 63. Re4 Kc8 64. Re8+ 1-0

[Event "59. Hungria ch 2009"]
[Site "Szeged HUN"]
[Date "2009.08.14"]
[Round "6.4"]
[White "Groszpeter, Attila"]
[Black "Berkes, Ferenc"]
[Result "1/2-1/2"]
[WhiteElo "2541"]
[BlackElo "2647"]
[PlyCount "180"]
[EventDate "2009.08.09"]
[EventType "tourn"]
[EventRounds "9"]
[EventCountry "HUN"]
[EventCategory "14"]
[Source "lmi"]
[SourceDate "2009.08.09"]

1. e4 c6 2. Nc3 d5 3. Nf3 Bg4 4. h3 Bxf3 5. Qxf3 e6 6. d4 g6 7. Bf4 Bg7 8.
O-O-O Ne7 9. Kb1 Nd7 10. g4 Qb6 11. Bd6 Nc8 12. Ba3 Bf8 13. Bxf8 Rxf8 14. h4
Ne7 15. h5 O-O-O 16. hxg6 hxg6 17. Rh7 e5 18. exd5 exd4 19. dxc6 Qxc6 20. Qxc6+
Nxc6 21. Ne4 Nde5 22. g5 Rh8 23. Rxh8 Rxh8 24. f4 Ng4 25. Bd3 Ne3 26. Rg1 Kd7
27. Ng3 Nb4 28. Be4 Rh2 29. a3 Na6 30. f5 gxf5 31. Bxf5+ Kc7 32. g6 fxg6 33.
Bxg6 Nc5 34. Bf5 a5 35. Bg6 Nc4 36. Bf5 Rf2 37. Bh7 b5 38. Re1 Rh2 39. Bf5 Rg2
40. Ne4 d3 41. Nxc5 d2 42. Rd1 Ne3 43. Rxd2 Rxd2 44. Bd3 Kb6 45. Ne4 Rh2 46.
Nc3 Rh5 47. b4 a4 48. Kb2 Re5 49. Kc1 Ng2 50. Be4 Nf4 51. Kd2 Rh5 52. Kc1 Rg5
53. Kb2 Re5 54. Kc1 Ne6 55. Nd5+ Ka6 56. Nc3 Nc7 57. Kb2 Ne8 58. Bd3 Kb6 59.
Ne4 Rd5 60. Nc3 Rh5 61. Bg6 Re5 62. Bxe8 Rxe8 63. Nd5+ Kc6 64. Nc3 Re1 65. Ka2
Re3 66. Kb2 Rf3 67. Ne4 Kd5 68. Nc3+ Kc6 69. Ne4 Rh3 70. Nc3 Re3 71. Nd1 Re5
72. Nc3 Kd6 73. Kc1 Kc6 74. Kb2 Re8 75. Kc1 Rb8 76. Kd2 Kd6 77. Ke3 Rb7 78. Kd3
Kc6 79. Kd2 Rh7 80. Kc1 Rh1+ 81. Kb2 Re1 82. Ka2 Re3 83. Kb2 Rh3 84. Ne2 Rh4
85. Nc3 Rh8 86. Kc1 Rf8 87. Kb2 Rb8 88. Kc1 Kd6 89. Kd2 Ke5 90. Ke3 Rb7 1/2-1/2